[Event "Titled Tuesday 2020.06.30"]
[Site "Chess.com INT"]
[Date "2020.06.30"]
[Round "6"]
[White "Golubka, Petro"]
[Black "Kim, Sergey2"]
[Result "1-0"]
[WhiteElo "2495"]
[BlackElo "2295"]
[WhiteFideId "-1"]
[BlackFideId "-1"]
[PlyCount "115"]
[GameId "1534983440216064"]
[EventDate "2020.06.30"]
[EventType "swiss (blitz)"]
[EventRounds "10"]
[EventCountry "NET"]
[SourceTitle "CBM 197 Extra"]
[Source "ChessBase"]
[SourceDate "2020.09.30"]
[SourceVersion "1"]
[SourceVersionDate "2020.09.30"]
[SourceQuality "1"]

1. e4 e5 2. Nf3 Nc6 3. Bb5 a6 4. Ba4 Nf6 5. O-O b5 6. Bb3 Bc5 7. d3 d6 8. c3 Ba7 9. Nbd2 O-O 10. Bc2 Nh5 11. a4 b4 12. Nc4 Qf6 13. Ne3 Nf4 14. Kh1 Rb8 15. g3 Ng6 16. Nd5 Qd8 17. Bg5 f6 18. Be3 Bxe3 19. fxe3 bxc3 20. bxc3 Nce7 21. a5 Nxd5 22. exd5 Bg4 23. Qc1 Bxf3+ 24. Rxf3 e4 25. Rf2 exd3 26. Bxd3 Qe7 27. Bxa6 Qe4+ 28. Kg1 Ne5 29. Be2 Qxd5 30. a6 Qc5 31. Bf3 d5 32. Qd2 c6 33. Qd4 Qe7 34. Bg2 Rfd8 35. Rfa2 Kh8 36. a7 Ra8 37. Ra6 g6 38. h3 Rd7 39. Kh1 Kg7 40. Qa4 Nc4 41. Qxc6 Raxa7 42. Rxa7 Rxa7 43. Rxa7 Qxa7 44. Bxd5 Nxe3 45. Qb7+ Qxb7 46. Bxb7 Kf7 47. Kg1 Ke7 48. Bf3 Kd6 49. Kf2 Nf5 50. g4 Ne7 51. Ke3 Kc5 52. Kd3 Nc8 53. Ke3 Nd6 54. Kd3 Nb5 55. Bd1 Nd6 56. Bb3 f5 57. g5 f4 58. Bg8 1-0

[Event "Titled Tuesday 2020.06.30"]
[Site "chess.com INT"]
[Date "2020.06.30"]
[Round "2"]
[White "Luo, Terry"]
[Black "Golubka, Petro"]
[Result "0-1"]
[WhiteElo "2124"]
[BlackElo "2495"]
[WhiteFideId "-1"]
[BlackFideId "-1"]
[PlyCount "104"]
[GameId "2130307595419822"]
[EventDate "2020.06.30"]
[EventType "swiss (blitz)"]
[EventRounds "10"]
[EventCountry "NET"]
[SourceTitle "10 Days #620"]
[Source "ChessMix"]
[SourceDate "2020.07.10"]
[SourceVersion "1"]
[SourceVersionDate "2020.07.10"]
[SourceQuality "1"]

1. e4 d6 2. d4 Nf6 3. Nc3 g6 4. f4 Bg7 5. Nf3 O-O 6. Bd3 Nc6 7. h3 e5 8. d5 Ne7 9. O-O c6 10. fxe5 dxe5 11. dxc6 Nxc6 12. Be3 h6 13. Bc4 Qa5 14. Qe2 Nh5 15. Nd5 Ng3 16. Qe1 Qxe1 17. Rfxe1 Nxe4 18. Nd2 Nxd2 19. Bxd2 Be6 20. Bb3 Rad8 21. c4 Nd4 22. Bb4 Rfe8 23. Nc7 Kh7 24. Nxe8 Rxe8 25. Rad1 b6 26. Bc3 Rc8 27. Bxd4 exd4 28. Re4 Rd8 29. Re2 d3 30. Red2 Bf5 31. c5 bxc5 32. Bc4 Bd4+ 33. Kf1 Be3 34. Rxd3 Bxd3+ 35. Rxd3 Bd4 36. b3 f5 37. g4 Kg7 38. gxf5 gxf5 39. Kg2 Kf6 40. Kf3 Re8 41. a4 a5 42. h4 Re4 43. Kg3 Ke5 44. Rf3 Re1 45. Kh3 f4 46. Bd3 Rd1 47. Bc2 Rd2 48. Bd3 Be3 49. Bc4 Ke4 50. Rf1 f3 51. Bb5 Rd6 52. Ba6 Rxa6 0-1

[Event "Titled Tuesday 2020.06.30"]
[Site "chess.com INT"]
[Date "2020.06.30"]
[Round "3"]
[White "Golubka, Petro"]
[Black "Rorrer, Grayson"]
[Result "0-1"]
[WhiteElo "2495"]
[BlackElo "2117"]
[WhiteFideId "-1"]
[BlackFideId "-1"]
[PlyCount "120"]
[GameId "2130307595428224"]
[EventDate "2020.06.30"]
[EventType "swiss (blitz)"]
[EventRounds "10"]
[EventCountry "NET"]
[SourceTitle "10 Days #620"]
[Source "ChessMix"]
[SourceDate "2020.07.10"]
[SourceVersion "1"]
[SourceVersionDate "2020.07.10"]
[SourceQuality "1"]

1. e4 c5 2. Nf3 d6 3. d3 Nc6 4. Nc3 Nf6 5. g3 g6 6. Bg2 Bg7 7. O-O O-O 8. h3 Rb8 9. a4 a6 10. Bf4 b5 11. axb5 axb5 12. Qc1 Nd4 13. Nxd4 cxd4 14. Ne2 Qb6 15. e5 Nh5 16. exd6 e5 17. Bh6 Qxd6 18. Bxg7 Kxg7 19. Ra7 Be6 20. c3 Rfc8 21. Qd2 dxc3 22. Nxc3 Qb6 23. Rfa1 Nxg3 24. Qe1 Qd4 25. Kh2 Nh5 26. R1a6 Nf4 27. Ne2 Nxe2 28. Qxe2 Bf5 29. Bf1 Qf4+ 30. Kg2 Rd8 31. Ra3 Qg5+ 32. Kh2 Qf4+ 33. Kh1 b4 34. Rb3 Qd4 35. Ra4 Qd5+ 36. Bg2 Qxb3 37. Qxe5+ f6 38. Ra7+ Bd7 39. Rxd7+ Rxd7 40. Qxb8 Qxb2 41. Qb5 Qd4 42. Be4 f5 43. Bg2 Qxd3 44. Qxb4 Qd1+ 45. Kh2 Qd6+ 46. Qxd6 Rxd6 47. Kg3 Kf6 48. Kf4 g5+ 49. Ke3 Ke5 50. h4 gxh4 51. Bh3 f4+ 52. Ke2 Rg6 53. Kf3 Rg1 54. Ke2 Ke4 55. f3+ Kd4 56. Kf2 Rg3 57. Bg4 h3 58. Bxh3 Rxh3 59. Kg2 Rg3+ 60. Kf2 h5 0-1

[Event "Titled Tuesday 2020.06.30"]
[Site "chess.com INT"]
[Date "2020.06.30"]
[Round "5"]
[White "Golubka, Petro"]
[Black "Mulenga, Prince Daniel"]
[Result "1-0"]
[WhiteElo "2495"]
[BlackElo "2316"]
[WhiteFideId "-1"]
[BlackFideId "-1"]
[PlyCount "73"]
[GameId "2130307595449201"]
[EventDate "2020.06.30"]
[EventType "swiss (blitz)"]
[EventRounds "10"]
[EventCountry "NET"]
[SourceTitle "10 Days #620"]
[Source "ChessMix"]
[SourceDate "2020.07.10"]
[SourceVersion "1"]
[SourceVersionDate "2020.07.10"]
[SourceQuality "1"]

1. e4 e5 2. Nf3 Nc6 3. Bb5 a6 4. Ba4 Nf6 5. O-O Be7 6. d3 d6 7. c3 O-O 8. Nbd2 b5 9. Bc2 Bb7 10. Re1 Re8 11. Nf1 Bf8 12. Ng3 g6 13. a4 Bg7 14. b4 d5 15. Bb3 h6 16. Bd2 Qd7 17. Qc1 Kh7 18. h4 Re7 19. Qb2 Rf8 20. axb5 axb5 21. Red1 Qd6 22. Be3 d4 23. cxd4 exd4 24. Bd2 Ng4 25. Bd5 Ne3 26. fxe3 Qxg3 27. Bxc6 dxe3 28. Bc3 Qf2+ 29. Qxf2 exf2+ 30. Kxf2 Bxc3 31. Bxb7 Bxa1 32. Rxa1 c5 33. Bd5 cxb4 34. Rb1 f5 35. Rxb4 fxe4 36. Bxe4 Re5 37. Ke3 1-0

[Event "Titled Tuesday 2020.06.30"]
[Site "chess.com INT"]
[Date "2020.06.30"]
[Round "7"]
[White "Petkov, Momchil"]
[Black "Golubka, Petro"]
[Result "1/2-1/2"]
[WhiteElo "2315"]
[BlackElo "2495"]
[WhiteFideId "-1"]
[BlackFideId "-1"]
[PlyCount "75"]
[GameId "2130307595474324"]
[EventDate "2020.06.30"]
[EventType "swiss (blitz)"]
[EventRounds "10"]
[EventCountry "NET"]
[SourceTitle "10 Days #620"]
[Source "ChessMix"]
[SourceDate "2020.07.10"]
[SourceVersion "1"]
[SourceVersionDate "2020.07.10"]
[SourceQuality "1"]

1. d4 c5 2. d5 Nf6 3. c4 e6 4. Nc3 exd5 5. cxd5 Bd6 6. Nf3 O-O 7. Bg5 h6 8. Bh4 Bc7 9. e3 Ba5 10. Bd3 d6 11. O-O Nbd7 12. Ne4 Qe7 13. Nfd2 Bxd2 14. Nxd2 Ne5 15. Ne4 g5 16. Nxf6+ Qxf6 17. Bg3 Bf5 18. e4 Bg6 19. f4 gxf4 20. Rxf4 Qg7 21. Be2 Rae8 22. Qd2 f5 23. exf5 Rxf5 24. Rxf5 Bxf5 25. Rf1 Bg6 26. Bf4 Nf7 27. Bg4 Qd4+ 28. Qxd4 cxd4 29. Be6 Kg7 30. Rc1 Re7 31. Kf2 Ng5 32. Bxg5 hxg5 33. Rc8 Kf6 34. Rf8+ Ke5 35. Rg8 Kf6 36. Rf8+ Ke5 37. Rg8 Kf6 38. Rf8+ 1/2-1/2

[Event "Titled Tuesday 2020.06.30"]
[Site "chess.com INT"]
[Date "2020.06.30"]
[Round "9"]
[White "Weetik, Vjacheslav"]
[Black "Golubka, Petro"]
[Result "1-0"]
[WhiteElo "2423"]
[BlackElo "2495"]
[WhiteFideId "-1"]
[BlackFideId "-1"]
[PlyCount "59"]
[GameId "2130307595495253"]
[EventDate "2020.06.30"]
[EventType "swiss (blitz)"]
[EventRounds "10"]
[EventCountry "NET"]
[SourceTitle "10 Days #620"]
[Source "ChessMix"]
[SourceDate "2020.07.10"]
[SourceVersion "1"]
[SourceVersionDate "2020.07.10"]
[SourceQuality "1"]

1. d4 c5 2. d5 Nf6 3. Nc3 e6 4. e4 exd5 5. e5 Ne4 6. Nxd5 Qh4 7. g3 Nxg3 8. fxg3 Qe4+ 9. Kf2 Qxh1 10. Nf3 Nc6 11. Qd3 c4 12. Qxc4 b5 13. Qf4 Bc5+ 14. Be3 Bxe3+ 15. Nxe3 h5 16. Re1 h4 17. g4 Nd8 18. Bh3 Ne6 19. Qe4 Qxe1+ 20. Kxe1 Rb8 21. Nf5 O-O 22. Nd6 b4 23. g5 Ba6 24. Qxh4 Rfc8 25. g6 fxg6 26. Bxe6+ dxe6 27. Ng5 Kf8 28. Qh8+ Ke7 29. Qxg7+ Kd8 30. Nxe6# 1-0

[Event "Titled Tuesday 2020.06.30"]
[Site "chess.com INT"]
[Date "2020.06.30"]
[Round "10"]
[White "Golubka, Petro"]
[Black "Dong, Bao Nghia"]
[Result "0-1"]
[WhiteElo "2495"]
[BlackElo "2227"]
[WhiteFideId "-1"]
[BlackFideId "-1"]
[PlyCount "94"]
[GameId "2130307595495309"]
[EventDate "2020.06.30"]
[EventType "swiss (blitz)"]
[EventRounds "10"]
[EventCountry "NET"]
[SourceTitle "10 Days #620"]
[Source "ChessMix"]
[SourceDate "2020.07.10"]
[SourceVersion "1"]
[SourceVersionDate "2020.07.10"]
[SourceQuality "1"]

1. e4 e6 2. d4 d5 3. Bd3 Nc6 4. Nf3 dxe4 5. Bxe4 Nf6 6. Bxc6+ bxc6 7. O-O c5 8. Nc3 cxd4 9. Nb1 c5 10. c3 dxc3 11. Nxc3 Qxd1 12. Rxd1 Bb7 13. Nb5 Nd5 14. Bg5 f6 15. Bh4 a6 16. Na3 Be7 17. Rac1 Kf7 18. Nc4 Rac8 19. Bg3 Rhd8 20. h4 e5 21. h5 Nb4 22. a3 Bxf3 23. gxf3 Nc6 24. f4 Nd4 25. Kf1 e4 26. Kg2 f5 27. Kh3 Ke6 28. Bh4 Bxh4 29. Kxh4 Ne2 30. Rxd8 Rxd8 31. Rc2 Nxf4 32. Ne3 Nd3 33. b4 cxb4 34. axb4 Nxb4 35. Rc4 Rb8 36. Rc7 Kf6 37. Ra7 g5+ 38. hxg6 hxg6 39. Kg3 g5 40. Kg2 f4 41. Nc4 g4 42. Nd6 Ke5 43. Nc4+ Kd4 44. Nd6 g3 45. fxg3 f3+ 46. Kf1 Nd3 47. Nb7 e3 0-1

[Event "Titled Tuesday 2020.06.23"]
[Site "Chess.com INT"]
[Date "2020.06.23"]
[Round "8"]
[White "Flores Quillas, Diego Saul Rodrigo"]
[Black "Golubka, Petro"]
[Result "1-0"]
[WhiteElo "2245"]
[BlackElo "2495"]
[WhiteFideId "-1"]
[BlackFideId "-1"]
[PlyCount "93"]
[GameId "1532459818590208"]
[EventDate "2020.06.23"]
[EventType "swiss (blitz)"]
[EventRounds "10"]
[EventCountry "NET"]
[SourceTitle "CBM 197 Extra"]
[Source "ChessBase"]
[SourceDate "2020.09.30"]
[SourceVersion "1"]
[SourceVersionDate "2020.09.30"]
[SourceQuality "1"]

1. e4 c5 2. Nf3 d6 3. d4 cxd4 4. Nxd4 e5 5. Bb5+ Bd7 6. Bxd7+ Qxd7 7. Nf5 Nf6 8. f3 d5 9. Bg5 dxe4 10. Bxf6 gxf6 11. Qxd7+ Nxd7 12. fxe4 Rg8 13. g3 Rc8 14. c3 Nc5 15. Nd2 Rg5 16. Ke2 Nxe4 17. Nxe4 Rxf5 18. Rhf1 Rxf1 19. Rxf1 h6 20. Rxf6 Ke7 21. Rf5 Bg7 22. g4 Ke6 23. Rf3 b6 24. Rxf7 Kxf7 25. Nd6+ Ke6 26. Nxc8 e4 27. Nxa7 Be5 28. h3 Bf4 29. Nc6 Kd5 30. Nd4 Bc1 31. b3 Bb2 32. Kd2 Ke5 33. Ne2 b5 34. a4 bxa4 35. bxa4 Ba3 36. a5 Bc5 37. c4 Ba7 38. a6 Bc5 39. Nc3 Kd4 40. Nb5+ Kxc4 41. a7 Bxa7 42. Nxa7 Kd4 43. Ke2 Kd5 44. Ke3 Ke5 45. Nb5 Kd5 46. Nc3+ Ke5 47. Nxe4 1-0

[Event "Titled Tuesday 2020.06.23"]
[Site "chess.com INT"]
[Date "2020.06.23"]
[Round "1"]
[White "Idrisov, Ildar F"]
[Black "Golubka, Petro"]
[Result "0-1"]
[WhiteElo "2282"]
[BlackElo "2495"]
[WhiteFideId "-1"]
[BlackFideId "-1"]
[PlyCount "100"]
[GameId "2130307595669010"]
[EventDate "2020.06.23"]
[EventType "swiss"]
[EventRounds "10"]
[EventCountry "NET"]
[SourceTitle "10 Days #619"]
[Source "ChessMix"]
[SourceDate "2020.07.01"]
[SourceVersion "1"]
[SourceVersionDate "2020.07.01"]
[SourceQuality "1"]

1. d4 d5 2. Nf3 e6 3. Bf4 c5 4. e3 Nc6 5. c3 Bd6 6. Bg3 Nge7 7. Nbd2 O-O 8. Bd3 h6 9. O-O b6 10. Qe2 Bb7 11. dxc5 bxc5 12. e4 Bxg3 13. hxg3 Qb6 14. Rab1 Rad8 15. exd5 exd5 16. Rfe1 Ng6 17. Nf1 d4 18. Bxg6 fxg6 19. Qe6+ Kh7 20. cxd4 Rxf3 21. gxf3 Nxd4 22. Qxb6 Nxf3+ 23. Kh1 axb6 24. Re7 Ba8 25. Rc1 Rd5 26. g4 Rd4 27. Nh2 Rd2 28. Nxf3 Bxf3+ 29. Kg1 Rxb2 30. Rce1 Bxg4 31. Rb7 Bf3 32. Rc7 Rxa2 33. Ree7 h5 34. Rf7 Bd5 35. Rxg7+ Kh6 36. Rgd7 Bf3 37. Rf7 Ra3 38. Ra7 Rb3 39. Ra1 c4 40. Rc1 b5 41. Rc7 h4 42. Rc5 Be4 43. Re1 Bf5 44. Rc1 Kg5 45. Kg2 h3+ 46. Kh2 Kf4 47. Re1 Kf3 48. Kg1 h2+ 49. Kxh2 Kxf2 50. Rce5 Rh3# 0-1

[Event "Titled Tuesday 2020.06.23"]
[Site "chess.com INT"]
[Date "2020.06.23"]
[Round "2"]
[White "Golubka, Petro"]
[Black "Schekachikhin, Maksim"]
[Result "1-0"]
[WhiteElo "2495"]
[BlackElo "2406"]
[WhiteFideId "-1"]
[BlackFideId "-1"]
[PlyCount "41"]
[GameId "2130307595677401"]
[EventDate "2020.06.23"]
[EventType "swiss"]
[EventRounds "10"]
[EventCountry "NET"]
[SourceTitle "10 Days #619"]
[Source "ChessMix"]
[SourceDate "2020.07.01"]
[SourceVersion "1"]
[SourceVersionDate "2020.07.01"]
[SourceQuality "1"]

1. g4 h5 2. g5 d5 3. Bg2 c6 4. d4 h4 5. h3 Bf5 6. c4 e6 7. Nc3 Be7 8. e4 dxe4 9. Bxe4 Bxg5 10. Bxf5 exf5 11. Nf3 Qe7+ 12. Kf1 Bxc1 13. Rxc1 Nf6 14. Qd3 Ne4 15. Re1 O-O 16. Nxe4 fxe4 17. Rxe4 Qf6 18. Rxh4 g6 19. Rg1 Nd7 20. Rhg4 Kg7 21. Nh4 1-0

[Event "Titled Tuesday 2020.06.23"]
[Site "chess.com INT"]
[Date "2020.06.23"]
[Round "3"]
[White "Sarana, Alexey"]
[Black "Golubka, Petro"]
[Result "1-0"]
[WhiteElo "2654"]
[BlackElo "2495"]
[WhiteFideId "-1"]
[BlackFideId "-1"]
[PlyCount "51"]
[GameId "2130307595685920"]
[EventDate "2020.06.23"]
[EventType "swiss"]
[EventRounds "10"]
[EventCountry "NET"]
[SourceTitle "10 Days #619"]
[Source "ChessMix"]
[SourceDate "2020.07.01"]
[SourceVersion "1"]
[SourceVersionDate "2020.07.01"]
[SourceQuality "1"]

1. d4 d5 2. c4 e6 3. Nf3 c5 4. cxd5 exd5 5. Nc3 Nc6 6. Bg5 Be7 7. Bxe7 Ngxe7 8. e3 Qb6 9. Bb5 O-O 10. dxc5 Qxc5 11. O-O Bg4 12. Rc1 Qb4 13. Bxc6 Nxc6 14. b3 Rad8 15. h3 Bh5 16. Nxd5 Qe4 17. Nc3 Qf5 18. Qc2 Qf6 19. Ne4 Qe7 20. Qc5 Bxf3 21. Qxe7 Nxe7 22. gxf3 Nc6 23. Rfd1 g6 24. Nd6 Ne5 25. Kg2 b6 26. f4 1-0

[Event "Titled Tuesday 2020.06.23"]
[Site "chess.com INT"]
[Date "2020.06.23"]
[Round "4"]
[White "Golubka, Petro"]
[Black "Isajevsky, Anton"]
[Result "1/2-1/2"]
[WhiteElo "2495"]
[BlackElo "2403"]
[WhiteFideId "-1"]
[BlackFideId "-1"]
[PlyCount "107"]
[GameId "2130307595694232"]
[EventDate "2020.06.23"]
[EventType "swiss"]
[EventRounds "10"]
[EventCountry "NET"]
[SourceTitle "10 Days #619"]
[Source "ChessMix"]
[SourceDate "2020.07.01"]
[SourceVersion "1"]
[SourceVersionDate "2020.07.01"]
[SourceQuality "1"]

1. e4 c5 2. b4 cxb4 3. a3 b3 4. cxb3 d5 5. exd5 Nf6 6. Nf3 Nxd5 7. Nc3 Nxc3 8. dxc3 Qxd1+ 9. Kxd1 Nc6 10. Be3 Bf5 11. Kc1 O-O-O 12. Kb2 e5 13. Ng5 Rd7 14. Bc4 Nd8 15. Rad1 f6 16. Rxd7 Bxd7 17. Ne4 b6 18. Rd1 Nb7 19. b4 Kc7 20. f4 Nd6 21. Bd3 Bc6 22. Nxd6 Bxd6 23. g3 h5 24. h4 Bf3 25. Rd2 Rd8 26. Bg6 Bg4 27. c4 exf4 28. gxf4 Be7 29. Rxd8 Bxd8 30. Kc3 f5 31. Bf2 Bf6+ 32. Kc2 Kd6 33. Bf7 Bf3 34. Be8 Kc7 35. Ba4 Be4+ 36. Kc1 a5 37. Bc2 axb4 38. axb4 Be7 39. b5 Bxc2 40. Kxc2 Bc5 41. Bxc5 bxc5 42. Kc3 Kb6 43. Kb3 Ka5 44. Ka3 Kb6 45. Ka4 g6 46. Kb3 Kb7 47. Ka3 Ka7 48. Kb2 Kb7 49. Kc2 Ka7 50. Kd3 Kb7 51. Ke3 Ka7 52. Kd3 Kb7 53. Ke3 Ka7 54. Kd3 1/2-1/2

[Event "Titled Tuesday 2020.06.23"]
[Site "chess.com INT"]
[Date "2020.06.23"]
[Round "5"]
[White "Gurevich, Dmitry"]
[Black "Golubka, Petro"]
[Result "0-1"]
[WhiteElo "2399"]
[BlackElo "2495"]
[WhiteFideId "-1"]
[BlackFideId "-1"]
[PlyCount "72"]
[GameId "2130307595702639"]
[EventDate "2020.06.23"]
[EventType "swiss"]
[EventRounds "10"]
[EventCountry "NET"]
[SourceTitle "10 Days #619"]
[Source "ChessMix"]
[SourceDate "2020.07.01"]
[SourceVersion "1"]
[SourceVersionDate "2020.07.01"]
[SourceQuality "1"]

1. d4 d5 2. c4 e6 3. Nf3 c5 4. cxd5 exd5 5. g3 Nc6 6. Bg2 Nf6 7. O-O Be7 8. Nc3 O-O 9. b3 Ne4 10. Bb2 Bf6 11. Na4 b6 12. Rc1 Ba6 13. Re1 Re8 14. dxc5 Bxb2 15. Nxb2 bxc5 16. Na4 c4 17. Nd4 Ne5 18. Bxe4 dxe4 19. Nc5 Qb6 20. Nxa6 Rad8 21. bxc4 Qxa6 22. Qd2 Nc6 23. e3 Ne5 24. c5 Rxd4 25. Qxd4 Nf3+ 26. Kg2 Nxd4 27. exd4 Qc6 28. Red1 Qd5 29. c6 e3+ 30. f3 e2 31. Re1 g5 32. c7 Qb7 33. d5 g4 34. fxg4 Qxd5+ 35. Kh3 Qe6 36. Rc2 h5 0-1

[Event "Titled Tuesday 2020.06.23"]
[Site "chess.com INT"]
[Date "2020.06.23"]
[Round "6"]
[White "Golubka, Petro"]
[Black "Praveen Kumar, Chandrasekar"]
[Result "0-1"]
[WhiteElo "2495"]
[BlackElo "2158"]
[WhiteFideId "-1"]
[BlackFideId "-1"]
[PlyCount "102"]
[GameId "2130307595711021"]
[EventDate "2020.06.23"]
[EventType "swiss"]
[EventRounds "10"]
[EventCountry "NET"]
[SourceTitle "10 Days #619"]
[Source "ChessMix"]
[SourceDate "2020.07.01"]
[SourceVersion "1"]
[SourceVersionDate "2020.07.01"]
[SourceQuality "1"]

1. g4 d6 2. h3 h5 3. g5 e5 4. d4 Be7 5. dxe5 dxe5 6. Qxd8+ Bxd8 7. Bg2 c6 8. Nf3 Bc7 9. Nc3 Be6 10. b3 Nd7 11. Bb2 Ne7 12. O-O-O O-O-O 13. Ne4 Nd5 14. e3 f5 15. gxf6 gxf6 16. a3 Rhg8 17. Rhg1 Rg7 18. Bf1 Rxg1 19. Nxg1 Rg8 20. Nf3 Bd8 21. c4 N5b6 22. Bc3 Bc7 23. Ng3 Nc5 24. Kb2 e4 25. Nd4 Bxg3 26. fxg3 Rxg3 27. Nxe6 Nxe6 28. Rd6 Nc5 29. Rxf6 Rf3 30. Bd4 Nbd7 31. Rf4 Rxf4 32. exf4 Ne6 33. Be3 Ng7 34. Kc3 Nf5 35. Kd2 h4 36. Be2 Nf6 37. Bf2 Kc7 38. Bg4 Nxg4 39. hxg4 h3 40. Bg1 Nd4 41. g5 Nf3+ 42. Ke3 Nxg1 43. g6 h2 44. g7 h1=Q 45. g8=Q Qf3+ 46. Kd2 Qd3+ 47. Kc1 Ne2+ 48. Kb2 Qc3+ 49. Ka2 Qc2+ 50. Ka1 Qc1+ 51. Ka2 Nc3# 0-1

[Event "Titled Tuesday 2020.06.23"]
[Site "chess.com INT"]
[Date "2020.06.23"]
[Round "7"]
[White "Yaniuk, Volodymyr"]
[Black "Golubka, Petro"]
[Result "0-1"]
[WhiteElo "2233"]
[BlackElo "2495"]
[WhiteFideId "-1"]
[BlackFideId "-1"]
[PlyCount "80"]
[GameId "2130307595731831"]
[EventDate "2020.06.23"]
[EventType "swiss"]
[EventRounds "10"]
[EventCountry "NET"]
[SourceTitle "10 Days #619"]
[Source "ChessMix"]
[SourceDate "2020.07.01"]
[SourceVersion "1"]
[SourceVersionDate "2020.07.01"]
[SourceQuality "1"]

1. d4 d6 2. Nf3 Nf6 3. c4 g6 4. Nc3 Bg7 5. e4 O-O 6. h3 e5 7. d5 Nbd7 8. Be3 Nc5 9. Nd2 a5 10. b3 c6 11. Be2 cxd5 12. cxd5 b6 13. O-O Ne8 14. a3 f5 15. b4 f4 16. Bxc5 bxc5 17. bxc5 dxc5 18. Nc4 Ba6 19. Rb1 f3 20. Bd3 fxg2 21. Kxg2 Bxc4 22. Bxc4 Nd6 23. Bd3 c4 24. Bc2 Rf4 25. Qe2 Qg5+ 26. Kh2 Raf8 27. Rb6 Qh4 28. f3 Qd8 29. Rc6 Bh6 30. Qg2 Rh4 31. Ne2 Nf7 32. Rxc4 Be3 33. f4 exf4 34. e5 Nxe5 35. Re4 f3 36. Qg3 Rxe4 37. Bxe4 fxe2 38. Rxf8+ Qxf8 39. Qxe3 Qf1 40. Bd3 e1=Q 0-1

[Event "Titled Tuesday 2020.06.23"]
[Site "chess.com INT"]
[Date "2020.06.23"]
[Round "9"]
[White "Golubka, Petro"]
[Black "Kalogeris, Ioannis"]
[Result "0-1"]
[WhiteElo "2495"]
[BlackElo "2312"]
[WhiteFideId "-1"]
[BlackFideId "-1"]
[PlyCount "84"]
[GameId "2130307595740234"]
[EventDate "2020.06.23"]
[EventType "swiss"]
[EventRounds "10"]
[EventCountry "NET"]
[SourceTitle "10 Days #619"]
[Source "ChessMix"]
[SourceDate "2020.07.01"]
[SourceVersion "1"]
[SourceVersionDate "2020.07.01"]
[SourceQuality "1"]

1. g4 d5 2. h3 h5 3. g5 e5 4. d4 exd4 5. Qxd4 c5 6. Qh4 Ne7 7. Bg2 Nbc6 8. e4 Ng6 9. Qg3 h4 10. Qd3 d4 11. f4 Nb4 12. Qd1 d3 13. Na3 dxc2 14. Nxc2 Nd3+ 15. Kf1 Ndxf4 16. Qxd8+ Kxd8 17. Nf3 Nxg2 18. Kxg2 Bd6 19. Rd1 Kc7 20. b4 cxb4 21. Ncd4 Nf4+ 22. Kh1 Nxh3 23. Nb5+ Kb6 24. Rxd6+ Kxb5 25. Be3 Bg4 26. Nd4+ Ka4 27. a3 b3 28. Rb1 Rhd8 29. Rd5 Rxd5 30. exd5 Rd8 31. Rxb3 Rxd5 32. Rc3 b5 33. Rc7 a5 34. Rxf7 Kxa3 35. Rxg7 b4 36. g6 b3 37. Rb7 Rxd4 38. Bxd4 Bf3+ 39. Kh2 Bxb7 40. Kxh3 b2 41. Bxb2+ Kxb2 42. g7 Bd5 0-1

[Event "Titled Tuesday 2020.06.16"]
[Site "Chess.com INT"]
[Date "2020.06.16"]
[Round "10"]
[White "Golubka, Petro"]
[Black "Tsvetkov, Andrey1"]
[Result "1-0"]
[WhiteElo "2495"]
[BlackElo "2358"]
[WhiteFideId "-1"]
[BlackFideId "-1"]
[PlyCount "129"]
[GameId "1529935051784192"]
[EventDate "2020.06.16"]
[EventType "swiss (blitz)"]
[EventRounds "10"]
[EventCountry "NET"]
[SourceTitle "EXT 2021"]
[Source "ChessBase"]
[SourceDate "2020.10.23"]
[SourceVersion "1"]
[SourceVersionDate "2020.10.23"]
[SourceQuality "1"]

1. g4 d5 2. h3 h5 3. g5 e5 4. d4 e4 5. c4 c6 6. Bg2 Ne7 7. Nc3 Nf5 8. cxd5 cxd5 9. Bf4 Nc6 10. e3 Nh4 11. Bf1 Be7 12. Qb3 Be6 13. Qxb7 Nb4 14. O-O-O O-O 15. a3 Nd3+ 16. Bxd3 exd3 17. Rxd3 Bxg5 18. Nge2 Bf5 19. Rdd1 Be6 20. Rhg1 Bf6 21. Ng3 Nf3 22. Nxh5 Nxg1 23. Rxg1 g6 24. h4 Bh8 25. Rg5 Qb6 26. Qe7 Rfc8 27. Nf6+ Bxf6 28. Qxf6 Bf5 29. Rxf5 gxf5 30. Qxf5 Qg6 31. Qxg6+ fxg6 32. Kd2 Rd8 33. Kd3 Rd7 34. b4 Kf7 35. Na4 Rh8 36. Nc5 Re7 37. Bg3 Ree8 38. b5 Rhg8 39. a4 Rc8 40. a5 Ke7 41. b6 axb6 42. axb6 Rc6 43. b7 Rb6 44. e4 dxe4+ 45. Kxe4 Re8 46. Kd5 Kf7 47. Be5 Rd8+ 48. Ke4 Re8 49. f4 Rb1 50. Kd5 Rd8+ 51. Kc6 Re8 52. Kc7 Kg8 53. d5 Kf7 54. d6 Rc1 55. Bd4 Re4 56. b8=Q Rxd4 57. Kd7 Rxc5 58. Qe8+ Kg7 59. Qe7+ Kh6 60. Qf8+ Kh7 61. Qf7+ Kh6 62. Qg8 Kh5 63. Qh8+ Kg4 64. Qxd4 Rf5 65. Ke6 1-0

[Event "Titled Tuesday 2020.06.16"]
[Site "chess.com INT"]
[Date "2020.06.16"]
[Round "1"]
[White "Idrisov, Ildar F"]
[Black "Golubka, Petro"]
[Result "0-1"]
[WhiteElo "2282"]
[BlackElo "2495"]
[WhiteFideId "-1"]
[BlackFideId "-1"]
[PlyCount "108"]
[GameId "2130307595908007"]
[EventDate "2020.06.16"]
[EventType "swiss"]
[EventRounds "10"]
[EventCountry "NET"]
[SourceTitle "10 Days #619"]
[Source "ChessMix"]
[SourceDate "2020.07.01"]
[SourceVersion "1"]
[SourceVersionDate "2020.07.01"]
[SourceQuality "1"]

1. Nf3 Nf6 2. b3 g6 3. Bb2 Bg7 4. c4 O-O 5. g3 c6 6. Bg2 d5 7. O-O Na6 8. d4 Nc7 9. Nc3 Be6 10. c5 Ne4 11. b4 a5 12. a3 Nxc3 13. Bxc3 Nb5 14. Bb2 axb4 15. axb4 Bg4 16. h3 Bxf3 17. Bxf3 Qd7 18. Kg2 e5 19. dxe5 Qe7 20. e3 Bxe5 21. Bxe5 Qxe5 22. Rxa8 Rxa8 23. Qb1 f6 24. Rc1 Kg7 25. h4 Ra3 26. h5 d4 27. hxg6 hxg6 28. exd4 Nxd4 29. Re1 Qf5 30. Qxf5 gxf5 31. Bd1 Ra1 32. Kf1 Rb1 33. Kg2 Kf8 34. Rh1 Kg7 35. Re1 Kf8 36. Rh1 Rxb4 37. Rh8+ Kg7 38. Rb8 Ne6 39. Bf3 Rb5 40. g4 fxg4 41. Bxg4 Nxc5 42. Kg3 Rb4 43. f4 Kf7 44. Rc8 Ke7 45. Rc7+ Kd6 46. Rf7 Kd5 47. Bf5 Rb3+ 48. Kg4 b5 49. Rxf6 b4 50. Rf8 Rb2 51. Rd8+ Kc4 52. Kf3 b3 53. Bg6 Rc2 54. Rb8 Rc1 0-1